Vivir con Cristo: tercer ciclo
Uloženo v:
| Hlavní autor: | |
|---|---|
| Médium: | Kniha |
| Jazyk: | španělština |
| Vydáno: |
Buenos Aires
Paulinas
1963
|
| Edice: | Colección Imitadores de Cristo
|
| Témata: | |
| Tagy: |
Přidat tag
Žádné tagy, Buďte první, kdo vytvoří štítek k tomuto záznamu!
|
MARC
| LEADER | 00000nam a2200000 a 4500 | ||
|---|---|---|---|
| 001 | UCL5143 | ||
| 003 | CL-VaPUC | ||
| 008 | 040305e19630000AG |||||||||||||||||spa|d | ||
| 082 | 0 | 4 | |a 268 |b DOS |2 21 |
| 100 | 0 | |a Dossin, Andrés |e author |9 482837 | |
| 245 | 1 | 0 | |a Vivir con Cristo: tercer ciclo |
| 300 | |a 174 p | ||
| 942 | |c BK | ||
| 945 | |d 20040305 00:00:00 |a vberengu | ||
| 260 | |a Buenos Aires |b Paulinas |c 1963 | ||
| 600 | 0 | 7 | |a CRISTO |2 CL-VaPUC |9 482838 |
| 650 | 0 | |a Educación religiosa |9 308312 | |
| 650 | 0 | |a Catequesis |9 314526 | |
| 583 | |a last modification |c 20040305 00:00:00 |k Rodrigo Vera | ||
| 490 | 0 | |a Colección Imitadores de Cristo | |
| 999 | |c 307811 |d 307809 | ||
| 952 | |0 0 |1 0 |4 0 |6 268_000000000000000_DOS_1963 |7 0 |8 A |9 373938 |a BIBTEO |b BIBTEO |d 2019-11-21 |i 2104504 |o 268 DOS 1963 |p 2104504 |r 2025-01-17 |w 2019-11-21 |y BK |k ICR | ||